000
00340nam a2200133Ia 4500
008
240624s9999 xx 000 0 und d
041
_a
eng
082
_a
303.38 ROB
100
_a
ROBERTS CAROLINE
245
_a
ATTITUDE MEASUREMENT
260
_c
2008
_a
Los Angeles
_b
Sage Publications
300
_a
xliv, : 314 : p. : cm. ; 24
440
_v
1
999
_c
15770
_d
15770